[Event "Canadian op"]
[Site "Calgary"]
[Date "2023.07.29"]
[Round "9"]
[White "Houshdaran, Soheil"]
[Black "Sembrano, Joshua"]
[Result "1-0"]
[WhiteElo "1617"]
[BlackElo "1666"]
[PlyCount "47"]
[EventDate "2023.07.22"]
[EventType "swiss"]
[EventRounds "10"]
[EventCountry "CAN"]
[SourceTitle "EXT 2024"]
[Source "ChessBase"]
[SourceDate "2023.10.10"]
[SourceVersion "1"]
[SourceVersionDate "2023.10.10"]
[SourceQuality "1"]

1. e4 d6 2. d4 Nf6 3. Nc3 Nbd7 4. Nf3 e5 5. Bc4 Be7 6. 0-0 c6 7. a4 0-0 8. h3 h6 9. Be3 b6 10. d5 cxd5 11. Nxd5 Nxe4 12. Nxe7+ Qxe7 13. Bd5 Nxf2 14. Rxf2 Rb8 15. a5 Bb7 16. axb6 axb6 17. Rd2 Bxd5 18. Rxd5 Rfc8 19. Ra7 Rc6 20. Nxe5 dxe5 21. Rdxd7 Qh4 22. Rxf7 Rg6 23. Bf2 Qxh3 24. Rxg7+ 1-0